[Event "Valencia Burjassot U2200 op 2nd"]
[Site "Valencia"]
[Date "2014.09.26"]
[Round "3"]
[White "Martinez Robles, Pablo Javier"]
[Black "Carrasco Fernandez, Manuel"]
[Result "0-1"]
[WhiteElo "1474"]
[BlackElo "1827"]
[PlyCount "94"]
[EventDate "2014.09.12"]
[EventType "swiss"]
[EventRounds "7"]
[EventCountry "ESP"]
[SourceTitle "EXT 2024"]
[Source "ChessBase"]
[SourceDate "2023.10.10"]
[SourceVersion "1"]
[SourceVersionDate "2023.10.10"]
[SourceQuality "1"]

1. e4 d5 2. exd5 Qxd5 3. Nc3 Qd6 4. Nf3 a6 5. Bc4 Nf6 6. h3 Nc6 7. d3 Bf5 8. 0-0 e6 9. Be3 Be7 10. Qd2 0-0 11. Bf4 e5 12. Bg3 Rae8 13. Rfe1 Nd7 14. Rad1 Bf6 15. Ne2 Qc5 16. Nc3 Kh8 17. Bb3 Nb6 18. Ne4 Bxe4 19. dxe4 Nd4 20. Nxd4 exd4 21. e5 Be7 22. Qxd4 Qc6 23. Qe4 Qb5 24. Qxb7 Bc5 25. Qxc7 Rc8 26. Qb7 Rc6 27. Bd5 Nxd5 28. Qxb5 axb5 29. Rxd5 b4 30. Red1 h6 31. Rd8 Rxd8 32. Rxd8+ Kh7 33. Rd3 Ra6 34. a3 bxa3 35. bxa3 Bxa3 36. f4 Bc5+ 37. Bf2 Ra1+ 38. Kh2 Bxf2 39. Rd2 Be3 40. Re2 Bxf4+ 41. g3 Bg5 42. h4 Be7 43. c4 Rc1 44. Re4 Kg6 45. e6 f5 46. Rf4 Kf6 47. g4 Bd6 0-1

[Event "Valencia-ch U18"]
[Site "Valencia"]
[Date "2012.04.12"]
[Round "3"]
[White "Martinez Robles, Pablo Javier"]
[Black "Remolar Gallen, Jose"]
[Result "0-1"]
[WhiteElo "1134"]
[BlackElo "2110"]
[PlyCount "76"]
[EventDate "2012.04.11"]
[EventType "swiss"]
[EventRounds "6"]
[EventCountry "ESP"]
[SourceTitle "CBM 147 Extra"]
[Source "ChessBase"]
[SourceDate "2012.04.24"]
[SourceVersion "1"]
[SourceVersionDate "2012.04.24"]
[SourceQuality "1"]

1. e4 g6 2. d4 Bg7 3. Nf3 c5 4. c3 cxd4 5. cxd4 d5 6. e5 Nh6 7. Bd3 Nc6 8. Be3 Bg4 9. Qd2 Nf5 10. Bxf5 Bxf5 11. 0-0 0-0 12. Bh6 Bg4 13. Bxg7 Kxg7 14. Ng5 Qb6 15. Nc3 Rad8 16. f3 Bc8 17. Rfd1 h6 18. Nh3 Bxh3 19. gxh3 Nxe5 20. Qg2 Nc4 21. Re1 Qxd4+ 22. Qf2 Qxf2+ 23. Kxf2 Kf6 24. b3 Nb6 25. Rad1 e6 26. Ne2 Rc8 27. Nd4 a6 28. Kg3 Rc3 29. Kf2 Rfc8 30. h4 e5 31. Ne2 Rc2 32. Ra1 d4 33. Kf1 Nd5 34. Rac1 d3 35. Rxc2 Rxc2 36. Ng3 d2 37. Ne4+ Kf5 38. Nxd2 Rxd2 0-1